000 00521pab a2200181 454500
008 180718b2013 xxu||||| |||| 00| 0 eng d
100 _aSun, Wenkai
245 _aDo relative income and income inequality affect consumption? Evidence from the villages of rural China
260 _c2013
300 _ap.533-546.
362 _aApr
650 _aIncome distribution - China
650 _aIncome distribution
700 _aWang, Xianghong
773 _aJournal of Development Studies
908 _aN
909 _a99473
999 _c99472
_d99472